| 000 | 00844nam a22002297a 4500 | ||
|---|---|---|---|
| 999 |
_c10525 _d10525 |
||
| 003 | AR-CdUCM | ||
| 008 | 190401b ||||| |||| 00| 0 spa d | ||
| 040 |
_aMUNICIPALIDAD PROVINCIAL DEL CUSCO _cBIBLIOTECA MUNICIPAL DEL CUSCO |
||
| 082 |
_a918.507 / _bP33 / 1862 |
||
| 100 |
_aPaz Soldan, Mateo _927443 |
||
| 245 | _aGeografía del Perú / | ||
| 260 |
_aParís : _bInstituto de Francia, _c1862. |
||
| 300 |
_a744 páginas ; _c26 cm. |
||
| 505 | _aContenido: Ideas generales del Perú -- Limites del Perú -- Montañas y ríos -- Breve descripción geológica de los andes -- Comercio del Perú con Francia ... | ||
| 650 |
_aGeografía _9318 |
||
| 650 |
_aPerú _935 |
||
| 650 |
_aAspectos naturales _927444 |
||
| 650 |
_aAspectos económicos _9261 |
||
| 700 |
_aPaz Soldan, Mariuano Felipe _927445 |
||
| 942 |
_2ddc _cLIBROS |
||
| 945 | _aacv | ||